Americká pragmatická pedagogika John Dewey a jeho američtí následovníci

Gespeichert in:
Bibliographische Detailangaben
1. Verfasser: Dewey, John
Format: Buch
Sprache:Tschechisch
Veröffentlicht: Praha Státní pedagogické nakladatelství 1990
Ausgabe:1. vyd.
Schlagworte:
Tags: Tag hinzufügen
Keine Tags, Fügen Sie das erste Tag hinzu!

MARC

LEADER 00000nam a2200000 4500
001 c000926
005 20221215115717.3
020 |a 80-04-20715-4 
041 0 |a cze 
044 |a CZ 
245 1 0 |a Americká pragmatická pedagogika  |b John Dewey a jeho američtí následovníci  |c John Dewey 
250 |a 1. vyd. 
264 1 |a Praha  |b Státní pedagogické nakladatelství  |c 1990 
300 |a 197 s. 
610 2 0 |a pedagogika 
610 2 0 |a výchova 
100 1 |a Dewey, John